Eli Wilson Discography - Statistics

General Stats
  • This quiz has been taken 3 times
  • The average score is 14 of 20
Answer Stats
Hint Answer % Correct
Aurora Drive As Soon As I'm Gone
100%
For Goodness Sake For Goodness Sake
100%
Long Lake Road gravity
100%
Long Lake Road he might never be loved by somebody else
100%
Long Lake Road hollow
100%
Aurora Drive I Always Fall
100%
Aurora Drive All For You
67%
Long Lake Road ghost
67%
For Goodness Sake High
67%
Long Lake Road lay me down
67%
Long Lake Road long lake rd
67%
Aurora Drive My Coat
67%
For Goodness Sake Passenger Seat
67%
Aurora Drive Rebel
67%
Aurora Drive Take Me Back
67%
Aurora Drive Wish I Never Met You
67%
For Goodness Sake Yesterday
67%
Aurora Drive End of Me
33%
For Goodness Sake Hard On You
33%
Aurora Drive Too Much Time
33%
No matching quizzes found
Score Distribution
Percent of People with Each Score
Percentile by Number Answered
Your Score History
You have not taken this quiz